| 000 | 00791nam a2200229 i 4500 | ||
|---|---|---|---|
| 001 | 45170 | ||
| 003 | ES-MaACL | ||
| 005 | 20230906161153.0 | ||
| 007 | t| | ||
| 008 | 030325s1971 sp ||||1| spa d | ||
| 080 | _a72.011.5 | ||
| 245 | 0 | 3 |
_aLa coordinación modular Caporioni / _cGarlallti, Tenca Montini... ; [bajo la dirección de Giuseppe Ciribini, traducción de Tomás Rodríguez Coll]. |
| 260 |
_aBarcelona : _bGustavo Gili, _c[1971] |
||
| 300 |
_a285 p. : _bil. ; _c21 cm. |
||
| 490 | 1 | _aArquitectura y crítica | |
| 650 | 4 |
_aCoordinación modular (Arquitectura) _9145849 |
|
| 700 | 1 |
_aRodríguez Coll, Tomás. _998423 |
|
| 700 | 0 |
_aCiribini, Giuseppe. _938889 |
|
| 830 | 0 |
_aArquitectura y crítica _9186742 |
|
| 852 |
_aES-MaACL _jC-48285 _bR.77762 |
||
| 999 |
_c45170 _d45170 |
||